La lógica del vampiro

Uloženo v:
Podrobná bibliografie
Hlavní autor: García Morales, Adelaida (Autor)
Médium: Kniha
Jazyk:španělština
Vydáno: Barcelona Anagrama 1989
Edice:Narrativas Hispánicas, 95
Témata:
Tagy: Přidat tag
Žádné tagy, Buďte první, kdo vytvoří štítek k tomuto záznamu!

MARC

LEADER 00000nam a2200000 a 4500
001 UCS1931
003 CL-VaPUC
008 970516e19890000SP |||||||||||||||||spa|d
082 0 4 |a 863  |b GAR  |2 21 
100 0 |a García Morales, Adelaida  |e author  |9 386853 
245 1 3 |a La lógica del vampiro 
300 |a 189 p 
942 |c BK 
945 |d 19970516 00:00:00  |a rleighto 
260 |a Barcelona  |b Anagrama  |c 1989 
650 0 |a Novelas españolas  |9 265052 
583 |a last modification  |c 19970516 00:00:00  |k Rodrigo Vera 
490 0 |a Narrativas Hispánicas, 95 
999 |c 259942  |d 259940 
952 |0 0  |1 0  |4 0  |6 863_000000000000000_GAR_1989  |7 0  |8 A  |9 285476  |a FDOPOS  |b FDOPOS  |d 2019-11-19  |i 3305562  |o 863 GAR 1989  |p 3305562  |r 2025-01-22  |w 2019-11-19  |y BK  |k MLH